Statistiques concernant Livre à l'auteur n°9

Cliquez ici pour prendre le quiz!

Statistiques générales

  • Ce quiz a été pris 58 fois
  • Le résultat moyen est 4 sur 14

Statistiques - réponses

Livre Auteur % Correct
Le Spleen de ParisCharles Baudelaire
67%
L'Appel de la forêtJack London
61%
Cent ans de solitudeGabriel García Márquez
57%
Robinson CrusoéDaniel Defoe
53%
Un tramway nommé DésirTennessee Williams
39%
L'Attrape-cœursJ. D. Salinger
35%
L'Amie prodigieuseElena Ferrante
27%
Le FléauStephen King
24%
Le Dernier NababF. Scott Fitzgerald
22%
Les Trois SœursAnton Tchekhov
22%
Mémoires d'une survivanteDoris Lessing
4%
Le Petit CopainDonna Tartt
4%
Miracle de la roseJean Genet
4%
ContrepointAldous Huxley
2%

Distribution des résultats

Percentile by Number Answered

% des personnes avec chaque résultat

Votre développement - résultats

Vous n’avez pas pris ce quiz